[Event "TUR-chT 1st League"]
[Site "Denizli"]
[Date "2023.07.12"]
[Round "5.61"]
[White "Karaoglan, Kivanc"]
[Black "Erdogan, Hakan"]
[Result "1/2-1/2"]
[WhiteElo "2183"]
[BlackElo "2099"]
[PlyCount "117"]
[EventDate "2023.07.09"]
[EventType "team-swiss"]
[EventRounds "9"]
[EventCountry "TUR"]
[SourceTitle "CBM 215 Extra"]
[Source "ChessBase"]
[SourceDate "2023.09.30"]
[SourceVersion "1"]
[SourceVersionDate "2023.09.30"]
[SourceQuality "1"]
[WhiteTeam "Karsiyaka Ihtisas"]
[BlackTeam "Istanbul Teknik Uni"]
[WhiteTeamCountry "TUR"]
[BlackTeamCountry "TUR"]

1. e4 c5 2. Nf3 Nc6 3. Bb5 g6 4. Bxc6 bxc6 5. 0-0 Bg7 6. c3 Nf6 7. Re1 0-0 8. d4 cxd4 9. cxd4 d5 10. e5 Ne4 11. Nbd2 Nxd2 12. Bxd2 Qb6 13. b4 Bg4 14. Bc3 f6 15. e6 f5 16. h3 Bxf3 17. Qxf3 Bxd4 18. Bxd4 Qxd4 19. b5 cxb5 20. Rad1 Qc4 21. Qxd5 Qxd5 22. Rxd5 b4 23. Rd7 Rfe8 24. Rc1 a5 25. Rcc7 Kf8 26. Ra7 Rxa7 27. Rxa7 Rb8 28. Rxa5 Rb6 29. g4 fxg4 30. hxg4 Rxe6 31. Rb5 Re4 32. g5 Ke8 33. Kg2 Kd7 34. f3 Kc6 35. Rb8 Re2+ 36. Kg3 Kc5 37. Rc8+ Kd4 38. Rb8 Rb2 39. Rb7 e5 40. Rb8 Kc3 41. Rc8+ Kd3 42. Rb8 Kc2 43. Rb7 Kb1 44. Rxh7 Kxa2 45. Rh6 b3 46. Rxg6 Rb1 47. Ra6+ Kb2 48. Kg4 Rg1+ 49. Kf5 Rg3 50. g6 Rxf3+ 51. Kxe5 Rg3 52. Kf6 Kc2 53. Rc6+ Kd2 54. Rb6 Kc2 55. g7 b2 56. Kf7 b1Q 57. Rxb1 Kxb1 58. g8Q Rxg8 59. Kxg8 1/2-1/2

[Event "TUR-chT 1st League"]
[Site "Konya"]
[Date "2022.08.23"]
[Round "2.4"]
[White "Erdogan, Hakan"]
[Black "Duman, Aydin"]
[Result "1-0"]
[WhiteElo "2120"]
[BlackElo "2084"]
[PlyCount "85"]
[EventDate "2022.08.22"]
[EventType "team-swiss"]
[EventRounds "9"]
[EventCountry "TUR"]
[SourceTitle "CBM 209 Extra"]
[Source "ChessBase"]
[SourceDate "2022.09.30"]
[SourceVersion "1"]
[SourceVersionDate "2022.09.30"]
[SourceQuality "1"]
[WhiteTeam "Istanbul Teknik Uni"]
[BlackTeam "Ankara Dernegi"]
[WhiteTeamCountry "TUR"]
[BlackTeamCountry "TUR"]

1. d4 d6 2. c4 g6 3. Nc3 Bg7 4. e4 Nc6 5. Be3 e5 6. d5 Nce7 7. c5 f5 8. cxd6 cxd6 9. Qa4+ Kf7 10. Nf3 h6 11. Qb4 Nf6 12. Bc4 Ne8 13. h4 f4 14. Bd2 Ng8 15. g3 g5 16. hxg5 hxg5 17. Rxh8 Bxh8 18. gxf4 gxf4 19. 0-0-0 Bf6 20. Rh1 Rb8 21. Bb5 Ng7 22. Be2 Qc7 23. Kb1 Bd7 24. Nb5 Bxb5 25. Qxb5 Ke7 26. Rc1 Qd7 27. Ba5 b6 28. Bb4 Qb7 29. Rc6 Ne8 30. Nd2 Nh6 31. Bh5 Nf7 32. Bxf7 Kxf7 33. Bxd6 Rd8 34. Nc4 Qd7 35. Nxe5+ Bxe5 36. Bxe5 Qe7 37. Re6 Qh4 38. Qf1 f3 39. Bc3 Nd6 40. Bf6 Qg4 41. Bxd8 Nc4 42. Ka1 Qf4 43. Qb1 1-0

[Event "TUR-chT 1st League"]
[Site "Konya"]
[Date "2022.08.23"]
[Round "3.2"]
[White "Ozer, Omer Faruk"]
[Black "Erdogan, Hakan"]
[Result "1-0"]
[WhiteElo "2323"]
[BlackElo "2120"]
[PlyCount "59"]
[EventDate "2022.08.22"]
[EventType "team-swiss"]
[EventRounds "9"]
[EventCountry "TUR"]
[SourceTitle "CBM 209 Extra"]
[Source "ChessBase"]
[SourceDate "2022.09.30"]
[SourceVersion "1"]
[SourceVersionDate "2022.09.30"]
[SourceQuality "1"]
[WhiteTeam "Hukukcu Fenerbahceliler"]
[BlackTeam "Istanbul Teknik Uni"]
[WhiteTeamCountry "TUR"]
[BlackTeamCountry "TUR"]

1. e4 c5 2. Nf3 Nc6 3. Nc3 g6 4. Bb5 Bg7 5. 0-0 e6 6. Bxc6 dxc6 7. d3 Ne7 8. e5 b6 9. Ne4 h6 10. Bd2 g5 11. Bc3 Nd5 12. Re1 Nxc3 13. bxc3 g4 14. Nd6+ Kf8 15. Nd2 h5 16. d4 cxd4 17. cxd4 Bd7 18. c4 Rh6 19. c5 Rg6 20. N2e4 Kg8 21. Qd3 Be8 22. Rab1 bxc5 23. Nxc5 f5 24. Qc4 Bf7 25. Nxf7 Kxf7 26. Rb7+ Kg8 27. Nxe6 Qd5 28. Qxd5 cxd5 29. Nc7 Rc8 30. Nxd5 1-0

[Event "TUR-chT 1st League"]
[Site "Konya"]
[Date "2019.07.23"]
[Round "3.11"]
[White "Erdogan, Hakan"]
[Black "Ozturk, Yavuz"]
[Result "1-0"]
[WhiteElo "2089"]
[BlackElo "1686"]
[PlyCount "69"]
[EventDate "2019.07.22"]
[EventType "team-swiss"]
[EventRounds "9"]
[EventCountry "TUR"]
[SourceTitle "CBM 191 Extra"]
[Source "ChessBase"]
[SourceDate "2019.09.30"]
[SourceVersion "1"]
[SourceVersionDate "2019.09.30"]
[SourceQuality "1"]
[WhiteTeam "Istanbul Teknik Uni"]
[BlackTeam "Kahramanmaras CC"]
[WhiteTeamCountry "TUR"]
[BlackTeamCountry "TUR"]

1. d4 Nf6 2. c4 g6 3. Nc3 Bg7 4. e4 d6 5. f3 0-0 6. Be3 Nc6 7. Nge2 e5 8. d5 Nd4 9. Nxd4 exd4 10. Bxd4 Re8 11. Be2 c5 12. dxc6 bxc6 13. 0-0 Bh6 14. c5 Nh5 15. g3 Bh3 16. Rf2 dxc5 17. Bxc5 Qg5 18. Bd6 Rad8 19. f4 Qa5 20. Bxh5 gxh5 21. e5 Bg4 22. Qd4 Bf5 23. Qc4 Qb6 24. Na4 Qb5 25. Qxb5 cxb5 26. Nc3 a6 27. Nd5 Kh8 28. Nf6 Re6 29. Rd1 Bg7 30. Nxh5 Bf8 31. Rfd2 Rexd6 32. Rxd6 Re8 33. Rd8 Bc5+ 34. Kg2 Be4+ 35. Kh3 1-0

[Event "TUR-chT 1st League"]
[Site "Konya"]
[Date "2017.07.17"]
[Round "1.7"]
[White "Yildiz, Emre"]
[Black "Erdogan, Hakan"]
[Result "0-1"]
[WhiteElo "1992"]
[BlackElo "2106"]
[PlyCount "76"]
[EventDate "2017.07.17"]
[EventType "team-swiss"]
[EventRounds "9"]
[EventCountry "TUR"]
[SourceTitle "CBM 179 Extra"]
[Source "ChessBase"]
[SourceDate "2017.08.23"]
[SourceVersion "1"]
[SourceVersionDate "2017.08.23"]
[SourceQuality "1"]
[WhiteTeam "Manisa Salihli Sardes"]
[BlackTeam "Istanbul Teknik Uni"]
[WhiteTeamCountry "TUR"]
[BlackTeamCountry "TUR"]

1. d4 Nf6 2. Nf3 e6 3. c4 c5 4. d5 exd5 5. cxd5 a6 6. Nc3 g6 7. e4 Bg7 8. h3 0-0 9. Bd3 d6 10. a4 Nbd7 11. 0-0 Qc7 12. Bf4 c4 13. Bc2 Re8 14. Re1 Rb8 15. Nd4 Nc5 16. Ndb5 axb5 17. Nxb5 Qb6 18. Nxd6 Bd7 19. Nxc4 Qb4 20. b3 Nfxe4 21. Bxb8 Rxb8 22. Rc1 Nc3 23. Qf3 Nxb3 24. Bxb3 Qxb3 25. Re7 Bf5 26. Ne3 Qa3 27. Rxc3 Qxe7 28. Qg3 Re8 29. Rc7 Qb4 30. Nxf5 Qb1+ 31. Kh2 Qxf5 32. f4 Bh6 33. Rc4 Re4 34. Rxe4 Qxe4 35. Qb3 Bxf4+ 36. g3 Qe2+ 37. Kh1 Qe4+ 38. Kh2 Qe2+ 0-1

[Event "TUR-chT"]
[Site "Izmir"]
[Date "2016.07.29"]
[Round "6.5"]
[White "Haznedaroglu, Kivanc"]
[Black "Erdogan, Hakan"]
[Result "1-0"]
[WhiteElo "2491"]
[BlackElo "2138"]
[PlyCount "65"]
[EventDate "2016.07.25"]
[EventType "team-swiss"]
[EventRounds "13"]
[EventCountry "TUR"]
[SourceTitle "CBM 173 Extra"]
[Source "ChessBase"]
[SourceDate "2016.08.29"]
[SourceVersion "1"]
[SourceVersionDate "2016.08.29"]
[SourceQuality "1"]
[WhiteTeam "TS Alyans"]
[BlackTeam "Istanbul Teknik Uni"]
[WhiteTeamCountry "TUR"]
[BlackTeamCountry "TUR"]

1. c4 Nf6 2. Nc3 c5 3. g3 d5 4. cxd5 Nxd5 5. Bg2 Nc7 6. Nf3 Nc6 7. 0-0 e5 8. d3 Be7 9. Be3 0-0 10. Nd2 Nd4 11. Nc4 f6 12. a4 Rb8 13. f4 exf4 14. Bxf4 g5 15. Bxc7 Qxc7 16. e3 Nc6 17. Qh5 Be6 18. Bd5 Qd7 19. e4 Nb4 20. Ne3 Bd6 21. h4 Be5 22. Nf5 gxh4 23. Bxe6+ Qxe6 24. Qg4+ Kf7 25. Nd5 Bd4+ 26. Kh2 Nxd5 27. exd5 hxg3+ 28. Kh3 Qd7 29. Qg7+ Ke8 30. Rae1+ Be5 31. Rxe5+ fxe5 32. Qxe5+ Kf7 33. Qg7+ 1-0

[Event "Manavgat Turkey Cup"]
[Site "Manavgat"]
[Date "2016.02.04"]
[Round "8"]
[White "Erdogan, Hakan"]
[Black "Uraz, Abdullah Kerim"]
[Result "1-0"]
[WhiteElo "2170"]
[BlackElo "1791"]
[PlyCount "71"]
[EventDate "2016.01.30"]
[EventType "swiss"]
[EventRounds "11"]
[EventCountry "TUR"]
[SourceTitle "CBM 170 Extra"]
[Source "ChessBase"]
[SourceDate "2016.02.25"]
[SourceVersion "1"]
[SourceVersionDate "2016.02.25"]
[SourceQuality "1"]

1. d4 Nf6 2. c4 c5 3. d5 e6 4. Nc3 exd5 5. cxd5 Bd6 6. Nf3 0-0 7. g3 a6 8. a4 Qe7 9. Bg2 Bc7 10. 0-0 d6 11. Re1 Nbd7 12. e4 Re8 13. Nh4 Rb8 14. Nf5 Qf8 15. g4 Ne5 16. g5 Nfd7 17. f4 Ng6 18. h4 b5 19. axb5 axb5 20. Bf1 c4 21. h5 Ne7 22. Nd4 Bb6 23. Ncxb5 Bc5 24. Bxc4 Ne5 25. fxe5 dxe5 26. Be3 exd4 27. Bxd4 Bxd4+ 28. Qxd4 Bd7 29. Nd6 Red8 30. Rf1 Be8 31. Nxe8 Qxe8 32. Ra7 Rd7 33. h6 f6 34. e5 Nxd5 35. Bxd5+ Kh8 36. hxg7+ 1-0

[Event "Manavgat Turkey Cup"]
[Site "Manavgat"]
[Date "2016.02.01"]
[Round "4"]
[White "Yildiz, Eyup Ensar"]
[Black "Erdogan, Hakan"]
[Result "0-1"]
[WhiteElo "1633"]
[BlackElo "2170"]
[PlyCount "76"]
[EventDate "2016.01.30"]
[EventType "swiss"]
[EventRounds "11"]
[EventCountry "TUR"]
[SourceTitle "CBM 170 Extra"]
[Source "ChessBase"]
[SourceDate "2016.02.25"]
[SourceVersion "1"]
[SourceVersionDate "2016.02.25"]
[SourceQuality "1"]

1. e4 c5 2. Nf3 d6 3. h3 Nf6 4. Nc3 Nc6 5. a3 g6 6. Bc4 Bg7 7. 0-0 0-0 8. d4 Nxe4 9. Nxe4 d5 10. Nxc5 dxc4 11. Be3 Qd5 12. Na4 Rd8 13. Nc3 Qh5 14. Ne4 Qb5 15. Rb1 e5 16. c3 Bf5 17. a4 Qd5 18. Ned2 exd4 19. cxd4 Nxd4 20. Rc1 Nxf3+ 21. Qxf3 Qxf3 22. Nxf3 Bd3 23. Rfe1 Bxb2 24. Rcd1 b6 25. Bf4 Bc2 26. Rxd8+ Rxd8 27. Re2 Rd1+ 28. Kh2 Bc1 29. Rxc2 Bxf4+ 30. g3 Rc1 31. Rxc1 Bxc1 32. Nd4 Ba3 33. Kg2 Bc1 34. Nc2 a6 35. Kf3 b5 36. axb5 axb5 37. Ke2 b4 38. f3 b3 0-1

[Event "Manavgat Turkey Cup"]
[Site "Manavgat"]
[Date "2016.01.30"]
[Round "1"]
[White "Celik, Erdinc"]
[Black "Erdogan, Hakan"]
[Result "1-0"]
[WhiteElo "1706"]
[BlackElo "2170"]
[PlyCount "60"]
[EventDate "2016.01.30"]
[EventType "swiss"]
[EventRounds "11"]
[EventCountry "TUR"]
[SourceTitle "CBM 170 Extra"]
[Source "ChessBase"]
[SourceDate "2016.02.25"]
[SourceVersion "1"]
[SourceVersionDate "2016.02.25"]
[SourceQuality "1"]

1. f4 d5 2. Nf3 c5 3. e3 Nc6 4. Be2 g6 5. c3 d4 6. Qc2 Nf6 7. d3 Ng4 8. e4 Bh6 9. h3 Ne3 10. Bxe3 dxe3 11. g3 0-0 12. Na3 e5 13. fxe5 Qe7 14. d4 cxd4 15. cxd4 Bd7 16. Nc4 Rac8 17. Qb3 a5 18. Nd6 Nxd4 19. Nxd4 Qxe5 20. Nxc8 Qxg3+ 21. Kd1 Rxc8 22. Rf1 Bxh3 23. Rxf7 Kh8 24. Nf3 Rd8+ 25. Kc2 Rc8+ 26. Kd3 Qd6+ 27. Nd4 Rd8 28. Qd5 Qa6+ 29. Qc4 b5 30. Qc5 Be6 1-0

[Event "TUR-chT"]
[Site "Kocaeli"]
[Date "2015.08.12"]
[Round "10.4"]
[White "Buyukasik, Diyap"]
[Black "Erdogan, Hakan"]
[Result "1-0"]
[WhiteElo "2074"]
[BlackElo "2200"]
[PlyCount "111"]
[EventDate "2015.08.04"]
[EventType "team-tourn"]
[EventRounds "13"]
[EventCountry "TUR"]
[SourceTitle "CBM 167 Extra"]
[Source "ChessBase"]
[SourceDate "2015.09.14"]
[SourceVersion "1"]
[SourceVersionDate "2015.09.14"]
[SourceQuality "1"]
[WhiteTeam "Hatay Buyuksehir"]
[BlackTeam "Istanbul Teknik Uni"]
[WhiteTeamCountry "TUR"]
[BlackTeamCountry "TUR"]

1. Nf3 d5 2. g3 c5 3. Bg2 Nc6 4. d4 Nf6 5. 0-0 cxd4 6. Nxd4 e5 7. Nxc6 bxc6 8. c4 Be6 9. Nc3 Qd7 10. Qa4 h6 11. cxd5 cxd5 12. Qxd7+ Kxd7 13. Rd1 Kc6 14. Be3 Bb4 15. Rac1 Bxc3 16. Rxc3+ Kd6 17. Rdc1 Rhb8 18. Rc7 Nd7 19. b3 g5 20. Bxa7 Rb5 21. b4 e4 22. R1c6+ Ke5 23. a3 Nb8 24. Bxb8 Rbxb8 25. Rc3 d4 26. R3c5+ Kf6 27. Bxe4 Rxa3 28. f4 Re3 29. Bd3 gxf4 30. gxf4 Rg8+ 31. Kf2 Rh3 32. R5c6 Rxh2+ 33. Ke1 Rg1+ 34. Kd2 Rf2 35. f5 Rxf5 36. Bxf5 Kxf5 37. b5 Rb1 38. b6 h5 39. Rc5+ Kg4 40. b7 h4 41. Rc1 Rb2+ 42. Kd3 h3 43. Kxd4 h2 44. Rc8 Rxb7 45. Rg8+ Kh4 46. Rh1 Rb4+ 47. Ke3 Bg4 48. Rxh2+ Kg3 49. Rh1 Rb3+ 50. Kd4 f5 51. Rf1 Rb4+ 52. Kc3 Rb5 53. e4 Kh2 54. Rg5 Kh3 55. exf5 Kh4 56. Rxg4+ 1-0

[Event "TUR-chT"]
[Site "Kocaeli"]
[Date "2014.08.22"]
[Round "5.3"]
[White "Erdogan, Hakan"]
[Black "Korkmaz, Necmettin"]
[Result "1/2-1/2"]
[WhiteElo "2217"]
[BlackElo "2176"]
[PlyCount "115"]
[EventDate "2014.08.18"]
[EventType "team-tourn"]
[EventRounds "13"]
[EventCountry "TUR"]
[SourceTitle "CBM 162 Extra"]
[Source "ChessBase"]
[SourceDate "2014.10.17"]
[SourceVersion "1"]
[SourceVersionDate "2014.10.17"]
[SourceQuality "1"]
[WhiteTeam "Istanbul Teknik Uni"]
[BlackTeam "Hatay Buyuksehir"]
[WhiteTeamCountry "TUR"]
[BlackTeamCountry "TUR"]

1. d4 Nf6 2. c4 g6 3. Nc3 Bg7 4. e4 d6 5. Nf3 0-0 6. Be2 e5 7. dxe5 dxe5 8. Qxd8 Rxd8 9. Bg5 Re8 10. Nd5 Nxd5 11. cxd5 c6 12. Bc4 cxd5 13. Bxd5 Nd7 14. 0-0-0 h6 15. Be3 Nf6 16. Kb1 Nxd5 17. Rxd5 b6 18. Nd2 Be6 19. Rd3 f5 20. f3 f4 21. Bf2 Rac8 22. b3 Bf8 23. Kb2 Rc6 24. Nb1 Rec8 25. Rc3 Bb4 26. Rxc6 Rxc6 27. Rd1 Kf7 28. Rd8 Bc8 29. Rd5 Ke6 30. a3 Be7 31. b4 Bb7 32. b5 Rc7 33. Rd2 g5 34. Rc2 Rd7 35. Rd2 Bd6 36. Kb3 Rc7 37. Rc2 Rg7 38. h3 h5 39. Nd2 g4 40. hxg4 hxg4 41. a4 g3 42. Bg1 Rh7 43. Rc1 Rh1 44. Kc2 Bc8 45. Nc4 Bb8 46. a5 Bd7 47. axb6 axb6 48. Rb1 Bc7 49. Bxb6 Rxb1 50. Kxb1 Bxb5 51. Bxc7 Bxc4 52. Kc2 Bf1 53. Kd2 Bxg2 54. Ke2 Bh3 55. Bb8 Kf6 56. Bc7 Be6 57. Kf1 Bc4+ 58. Kg2 1/2-1/2

[Event "Kemer Turkey Cup"]
[Site "Kemer"]
[Date "2014.02.05"]
[Round "6"]
[White "Demircin, Kasim"]
[Black "Erdogan, Hakan"]
[Result "0-1"]
[WhiteElo "1942"]
[BlackElo "2220"]
[PlyCount "56"]
[EventDate "2014.02.01"]
[EventType "swiss"]
[EventRounds "9"]
[EventCountry "TUR"]
[SourceTitle "CBM 158 Extra"]
[Source "ChessBase"]
[SourceDate "2014.02.28"]
[SourceVersion "1"]
[SourceVersionDate "2014.02.28"]
[SourceQuality "1"]

1. d4 Nf6 2. Nf3 e6 3. e3 c5 4. Bd3 Nc6 5. 0-0 Be7 6. a3 0-0 7. b3 b6 8. Bb2 Bb7 9. Nbd2 cxd4 10. exd4 Nh5 11. Re1 f5 12. Ne5 Nxe5 13. dxe5 Nf4 14. Bf1 Bxa3 15. Bxa3 Nh3+ 16. Kh1 Nxf2+ 17. Kg1 Nxd1 18. Raxd1 Rf7 19. Nc4 b5 20. Nd6 Qb6+ 21. Kh1 b4 22. Bc1 Raf8 23. Be3 Qc6 24. Rd4 f4 25. Bg1 f3 26. Nxb7 f2 27. Red1 fxg1Q+ 28. Kxg1 Qb6 0-1

[Event "Kemer Turkey Cup"]
[Site "Kemer"]
[Date "2014.02.04"]
[Round "5"]
[White "Erdogan, Hakan"]
[Black "Yilmazyerli, Mert"]
[Result "0-1"]
[WhiteElo "2220"]
[BlackElo "2420"]
[PlyCount "80"]
[EventDate "2014.02.01"]
[EventType "swiss"]
[EventRounds "9"]
[EventCountry "TUR"]
[SourceTitle "CBM 158 Extra"]
[Source "ChessBase"]
[SourceDate "2014.02.28"]
[SourceVersion "1"]
[SourceVersionDate "2014.02.28"]
[SourceQuality "1"]

1. d4 g6 2. c4 Bg7 3. Nc3 d6 4. e4 Nc6 5. Be3 e5 6. d5 Nce7 7. g4 f5 8. gxf5 gxf5 9. Qh5+ Kf8 10. exf5 Nf6 11. Qf3 Bxf5 12. Bh3 Qd7 13. Bg5 e4 14. Qf4 Bxh3 15. Bxf6 Ng6 16. Qg5 Re8 17. 0-0-0 Qf5 18. Bxg7+ Kxg7 19. Nxh3 Qxh3 20. Qd2 Qh6 21. h4 Rhf8 22. h5 Qxd2+ 23. Rxd2 Ne5 24. Nxe4 Nf3 25. Re2 Rf4 26. Nc3 Rxe2 27. Nxe2 Rxc4+ 28. Kb1 Nd2+ 29. Ka1 Ne4 30. Rh4 Nd2 31. Rh1 Kf6 32. b3 Rc5 33. Rd1 Ne4 34. Kb2 a5 35. Rd4 Ke5 36. f3 Nf6 37. f4+ Kf5 38. Nc3 b5 39. h6 b4 40. Na4 Rxd5 0-1

[Event "Kemer Turkey Cup"]
[Site "Kemer"]
[Date "2014.02.02"]
[Round "3"]
[White "Erdogan, Hakan"]
[Black "Yilmaz, Mustafa"]
[Result "1/2-1/2"]
[WhiteElo "2220"]
[BlackElo "2563"]
[PlyCount "58"]
[EventDate "2014.02.01"]
[EventType "swiss"]
[EventRounds "9"]
[EventCountry "TUR"]
[SourceTitle "CBM 158 Extra"]
[Source "ChessBase"]
[SourceDate "2014.02.28"]
[SourceVersion "1"]
[SourceVersionDate "2014.02.28"]
[SourceQuality "1"]

1. d4 Nf6 2. c4 g6 3. Nc3 Bg7 4. e4 0-0 5. Nf3 d6 6. Be2 e5 7. dxe5 dxe5 8. Qxd8 Rxd8 9. Bg5 Nbd7 10. 0-0-0 Rf8 11. Nd5 c6 12. Ne7+ Kh8 13. Nxc8 Raxc8 14. Nd2 Nc5 15. f3 Ne6 16. Be3 b6 17. c5 Nxc5 18. Bxc5 bxc5 19. Nb3 Bh6+ 20. Kb1 Be3 21. Rd6 Kg7 22. Na5 Bd4 23. Rxc6 Rb8 24. Nb3 Rb4 25. Nxd4 cxd4 26. Rc7 Rfb8 27. b3 a5 28. Rhc1 Ne8 29. R7c5 a4 1/2-1/2

[Event "Istanbul op-A 12th"]
[Site "Istanbul"]
[Date "2013.10.16"]
[Round "6"]
[White "Erdogan, Hakan"]
[Black "Tasci, Sabri"]
[Result "1-0"]
[WhiteElo "2240"]
[BlackElo "1893"]
[PlyCount "53"]
[EventDate "2013.10.12"]
[EventType "swiss"]
[EventRounds "9"]
[EventCountry "TUR"]
[SourceTitle "EXT 2014"]
[Source "ChessBase"]
[SourceDate "2013.11.20"]
[SourceVersion "1"]
[SourceVersionDate "2013.11.20"]
[SourceQuality "1"]

1. d4 Nf6 2. c4 e6 3. Nc3 Bb4 4. e3 b6 5. Qf3 d5 6. a3 Bxc3+ 7. bxc3 Ba6 8. cxd5 exd5 9. Bxa6 Nxa6 10. Qe2 Qc8 11. f3 0-0 12. Nh3 c5 13. 0-0 Re8 14. Nf2 cxd4 15. cxd4 Nc7 16. e4 dxe4 17. fxe4 Nxe4 18. Nxe4 Qe6 19. Re1 f5 20. Nc3 Qd6 21. Qc4+ Kh8 22. Re5 b5 23. Qc5 Qxc5 24. Rxc5 Ne6 25. Rd5 Rac8 26. Nxb5 Rc2 27. Nd6 1-0

[Event "TUR-chT"]
[Site "Konya"]
[Date "2012.07.18"]
[Round "8"]
[White "Erdogan, Hakan"]
[Black "Atakisi, Umut"]
[Result "1-0"]
[WhiteElo "2260"]
[BlackElo "2338"]
[PlyCount "97"]
[EventDate "2012.07.11"]
[EventType "team-tourn"]
[EventRounds "13"]
[EventCountry "TUR"]
[SourceTitle "CBM 149 Extra"]
[Source "ChessBase"]
[SourceDate "2012.08.24"]
[SourceVersion "1"]
[SourceVersionDate "2012.08.24"]
[SourceQuality "1"]
[WhiteTeam "Istanbul Teknik Uni"]
[BlackTeam "Besiktas Jimnastik"]
[WhiteTeamCountry "TUR"]
[BlackTeamCountry "TUR"]

1. d4 Nf6 2. c4 g6 3. Nc3 d5 4. f3 Bg7 5. e4 dxe4 6. fxe4 e5 7. d5 0-0 8. Nf3 c6 9. Bd3 cxd5 10. cxd5 Ne8 11. 0-0 Nd6 12. Be3 Na6 13. a3 Nc7 14. Qd2 Bd7 15. Rac1 Ncb5 16. Ne2 f5 17. exf5 Nxf5 18. Bc5 Bh6 19. Qb4 Bxc1 20. Rxc1 e4 21. Bxe4 a5 22. Qd2 Re8 23. Bd3 Nbd6 24. g4 b6 25. gxf5 bxc5 26. fxg6 hxg6 27. Bxg6 Rf8 28. Qh6 Qe7 29. Ne5 Nf5 30. Qh5 Ra6 31. Rc3 Qg7 32. Rh3 Be8 33. Nf4 Nh6 34. Qxh6 Bxg6 35. Nfxg6 Qxh6 36. Rxh6 Kg7 37. Rh4 Rxg6+ 38. Nxg6 Kxg6 39. Rc4 Rb8 40. Rc2 Kf5 41. Rd2 Ke4 42. d6 Ke3 43. Rd5 Ke4 44. Rd1 Kf3 45. d7 Rd8 46. a4 c4 47. Kf1 Ke3 48. Kg2 Rg8+ 49. Kh3 1-0

[Event "TUR-ch"]
[Site "Kemer"]
[Date "2012.01.31"]
[Round "5"]
[White "Erdogan, Hakan"]
[Black "Atakisi, Umut"]
[Result "0-1"]
[WhiteElo "2257"]
[BlackElo "2345"]
[PlyCount "106"]
[EventDate "2012.01.29"]
[EventType "swiss"]
[EventRounds "10"]
[EventCountry "TUR"]
[SourceTitle "CBM 146 Extra"]
[Source "ChessBase"]
[SourceDate "2012.02.29"]
[SourceVersion "1"]
[SourceVersionDate "2012.02.29"]
[SourceQuality "1"]

1. d4 Nf6 2. c4 g6 3. Nc3 d5 4. cxd5 Nxd5 5. Bd2 Bg7 6. e4 Nb6 7. Be3 0-0 8. Nf3 Bg4 9. Be2 Nc6 10. d5 Bxf3 11. gxf3 Ne5 12. Bd4 c5 13. Bxc5 Nec4 14. Bxb6 Qxb6 15. Bxc4 Qxb2 16. 0-0 Qxc3 17. Qe2 Qe5 18. Rab1 Qg5+ 19. Kh1 Be5 20. Rg1 Qh4 21. Rg2 Rab8 22. Qe3 a6 23. Qg5 Qxg5 24. Rxg5 Bf6 25. Rgg1 b5 26. Bd3 Bd4 27. Kg2 Be5 28. Rgc1 Ra8 29. Rc6 Kg7 30. Rbc1 Rfb8 31. Rb1 Ra7 32. h3 Bd6 33. Kf1 Rba8 34. Ke2 f6 35. h4 b4 36. Bc2 a5 37. Ba4 Rf8 38. Rbc1 Raa8 39. R1c4 f5 40. Ke3 fxe4 41. fxe4 Rf6 42. Bd1 h5 43. Rxd6 exd6 44. Rc7+ Rf7 45. Rc6 a4 46. Rxd6 b3 47. a3 Rb7 48. e5 Rc8 49. e6 b2 50. Rd7+ Rxd7 51. exd7 Rd8 52. Bc2 Rxd7 53. Kd4 Rb7 0-1